[Event "Pombal op 13th"]
[Site "Pombal"]
[Date "2022.10.05"]
[Round "3"]
[White "Almeida, Joao Pedro Dias"]
[Black "Veleirinho, Tomas Carvalho"]
[Result "1-0"]
[WhiteElo "1901"]
[BlackElo "1692"]
[PlyCount "65"]
[EventDate "2022.09.28"]
[EventType "swiss"]
[EventRounds "9"]
[EventCountry "POR"]
[SourceTitle "EXT 2024"]
[Source "ChessBase"]
[SourceDate "2023.10.10"]
[SourceVersion "1"]
[SourceVersionDate "2023.10.10"]
[SourceQuality "1"]

1. d4 Nf6 2. Nf3 g6 3. c4 Bg7 4. Nc3 d5 5. cxd5 Nxd5 6. e4 Nxc3 7. bxc3 c5 8. Bb5+ Bd7 9. Bxd7+ Qxd7 10. Be3 Nc6 11. 0-0 Qc7 12. Qe2 0-0 13. Rac1 b6 14. dxc5 Na5 15. cxb6 axb6 16. c4 Nb7 17. Rb1 Nc5 18. Bxc5 Qxc5 19. Rb5 Qc7 20. Rfb1 Ra6 21. Rd5 Rfa8 22. Rd2 Ra4 23. Rc2 R8a5 24. Rb5 Ra6 25. c5 Qb7 26. c6 Qc7 27. Rd5 b5 28. Rd7 Qc8 29. c7 Rd6 30. Rxd6 exd6 31. Qxb5 Ra7 32. Qb8 Ra8 33. Qxa8 1-0

[Event "Pombal op 13th"]
[Site "Pombal"]
[Date "2022.10.05"]
[Round "2"]
[White "Veleirinho, Tomas Carvalho"]
[Black "Gori, Andrea"]
[Result "1-0"]
[WhiteElo "1692"]
[BlackElo "1982"]
[PlyCount "147"]
[EventDate "2022.09.28"]
[EventType "swiss"]
[EventRounds "9"]
[EventCountry "POR"]
[SourceTitle "EXT 2024"]
[Source "ChessBase"]
[SourceDate "2023.10.10"]
[SourceVersion "1"]
[SourceVersionDate "2023.10.10"]
[SourceQuality "1"]

1. e4 e5 2. Nf3 Nc6 3. Bc4 Bc5 4. 0-0 Nf6 5. d3 0-0 6. h3 a6 7. Bb3 d6 8. c3 Ba7 9. Nbd2 Qe7 10. Re1 Na5 11. Bc2 c5 12. Nf1 Nc6 13. Ng3 Ne8 14. Bg5 Qc7 15. Nh4 Be6 16. Nhf5 b5 17. Qg4 Kh8 18. Qh4 f6 19. Be3 Rb8 20. Rad1 Rb7 21. Bb1 Qf7 22. a3 Ba2 23. f4 Bxb1 24. Rxb1 d5 25. fxe5 Nxe5 26. d4 Nd3 27. Rf1 c4 28. e5 Qe6 29. Rf3 Rbf7 30. exf6 Rxf6 31. Rbf1 Bb6 32. Nxg7 Nxg7 33. Rxf6 Qxe3+ 34. Kh2 Rg8 35. Rh6 Qxh6 36. Qxh6 Bc7 37. Rf3 Ne1 38. Re3 Nd3 39. Rf3 a5 40. Kg1 Ne1 41. Re3 Nd3 42. Nh5 Nxh5 43. Qxh5 Nf4 44. Qf3 Rxg2+ 45. Qxg2 Nxg2 46. Kxg2 Bf4 47. Re2 Kg7 48. Kf3 Bc1 49. Rc2 Bh6 50. Kg4 Kg6 51. h4 Be3 52. h5+ Kf6 53. Re2 Bc1 54. Rf2+ Ke6 55. Rc2 Bh6 56. Re2+ Kf6 57. Re5 Bc1 58. Rxd5 Bxb2 59. Rxb5 Bxc3 60. Rc5 Bxd4 61. Rxc4 Bb2 62. Rc6+ Kg7 63. a4 Ba3 64. h6+ Kf7 65. Kf5 Bf8 66. Rc7+ Kg8 67. Ra7 Bxh6 68. Rxa5 Be3 69. Re5 Bd4 70. Rd5 Be3 71. a5 Kf8 72. a6 h5 73. Rd7 Ke8 74. Rh7 1-0

[Event "POR-ch U14/20"]
[Site "Fatima"]
[Date "2022.04.12"]
[Round "4"]
[White "Nalivaiko, Maksim"]
[Black "Veleirinho, Tomas Carvalho"]
[Result "1-0"]
[WhiteElo "1439"]
[BlackElo "1641"]
[PlyCount "53"]
[EventDate "2022.04.10"]
[EventType "swiss"]
[EventRounds "9"]
[EventCountry "POR"]
[SourceTitle "EXT 2023"]
[Source "ChessBase"]
[SourceDate "2022.10.05"]
[SourceVersion "1"]
[SourceVersionDate "2022.10.05"]
[SourceQuality "1"]

1. e4 e5 2. Nf3 Nc6 3. Bc4 Bc5 4. Nc3 Nf6 5. d3 h6 6. a3 a6 7. Be3 Bxe3 8. fxe3 d6 9. 0-0 0-0 10. h3 Re8 11. Nh4 Be6 12. Bxe6 fxe6 13. Qf3 Rf8 14. Qg3 Nh7 15. Rxf8+ Nxf8 16. Rf1 Qd7 17. Qg4 Rd8 18. Ne2 Ne7 19. Ng3 Kh7 20. Nh5 Neg6 21. Nxg6 Nxg6 22. Rf6 Qe8 23. Rxe6 Qf7 24. Qf5 Qxf5 25. exf5 Nf8 26. Re7 Rd7 27. Nf6+ 1-0

[Event "POR-ch U14/20"]
[Site "Fatima"]
[Date "2022.04.11"]
[Round "3"]
[White "Veleirinho, Tomas Carvalho"]
[Black "Guia, Artur Solovyov Eloy"]
[Result "0-1"]
[WhiteElo "1641"]
[BlackElo "1932"]
[PlyCount "126"]
[EventDate "2022.04.10"]
[EventType "swiss"]
[EventRounds "9"]
[EventCountry "POR"]
[SourceTitle "EXT 2023"]
[Source "ChessBase"]
[SourceDate "2022.10.05"]
[SourceVersion "1"]
[SourceVersionDate "2022.10.05"]
[SourceQuality "1"]

1. e4 e5 2. Nf3 Nc6 3. Bc4 Nf6 4. d3 Be7 5. 0-0 d6 6. c3 0-0 7. Nbd2 Na5 8. Bb5 a6 9. Ba4 b5 10. Bc2 c5 11. h3 h6 12. Re1 Re8 13. d4 Qc7 14. Nf1 Nc4 15. b3 Nb6 16. Be3 Bf8 17. d5 g6 18. Ng3 Bg7 19. Qd2 Kh7 20. Qe2 Bd7 21. Nh2 Rac8 22. Ng4 Nxg4 23. hxg4 Qd8 24. f3 Qc7 25. Kf2 f6 26. Rh1 g5 27. Nh5 Rh8 28. Nxg7 Kxg7 29. Rac1 a5 30. a3 Ra8 31. Ra1 Rhc8 32. Rhc1 Rh8 33. Rh1 Rh7 34. g3 Rah8 35. Kg2 Qc8 36. Bd3 Qe8 37. Rh5 Na8 38. b4 c4 39. Bc2 Qd8 40. Qf2 Be8 41. Rh2 Kg8 42. Rhh1 Rb7 43. Rh2 Bg6 44. Rhh1 Kg7 45. Qg1 Qc7 46. Qf2 Rbb8 47. Qg1 Nb6 48. Bxb6 Rxb6 49. Qb1 Ra6 50. Qg1 Qb7 51. Qh2 Qa8 52. Qg1 Rh7 53. bxa5 Rxa5 54. Qb6 Rxa3 55. Rab1 Rxc3 56. Rhc1 Qa2 57. Qf2 Be8 58. Ra1 Qb2 59. Ra7+ Kg8 60. Raa1 Rb7 61. f4 gxf4 62. gxf4 Rg7 63. Bd1 Qxf2+ 0-1

[Event "Pombal op 11th"]
[Site "Pombal"]
[Date "2020.10.03"]
[Round "3"]
[White "Pina, Tiago Miguel Catala"]
[Black "Veleirinho, Tomas Carvalho"]
[Result "1-0"]
[WhiteElo "1811"]
[BlackElo "1369"]
[PlyCount "129"]
[EventDate "2020.10.02"]
[EventType "swiss"]
[EventRounds "7"]
[EventCountry "POR"]
[SourceTitle "CBM 198 Extra"]
[Source "ChessBase"]
[SourceDate "2020.11.30"]
[SourceVersion "1"]
[SourceVersionDate "2020.11.30"]
[SourceQuality "1"]

1. e4 e5 2. Nf3 Nc6 3. Nc3 Nf6 4. Bb5 d6 5. 0-0 Be7 6. d3 h6 7. Re1 0-0 8. Ne2 Re8 9. c3 a6 10. Bxc6 bxc6 11. h3 c5 12. Ng3 c6 13. Be3 Be6 14. Qc2 Qc7 15. d4 cxd4 16. cxd4 exd4 17. Nxd4 Bd7 18. Rac1 Rac8 19. Bf4 Bf8 20. Qd2 Qb8 21. f3 c5 22. Ndf5 Bxf5 23. Nxf5 Red8 24. Qc3 Qb6 25. Nxh6+ gxh6 26. Qxf6 Bg7 27. Qh4 Qxb2 28. Bxh6 Bxh6 29. Qxh6 Qg7 30. Qh5 Rb8 31. Red1 Rb2 32. g4 Qf6 33. Rb1 Rdb8 34. Rxb2 Rxb2 35. Rd5 Qf4 36. Rg5+ Kf8 37. Qh8+ Ke7 38. Qxb2 Qxg5 39. Qb7+ Ke6 40. Qb3+ Ke7 41. Qb7+ Ke6 42. Qc8+ Ke7 43. Qxa6 Qe3+ 44. Kg2 Qd2+ 45. Kg3 Kf6 46. Qc4 Qe1+ 47. Kg2 Qd2+ 48. Kf1 Qh2 49. Qc3+ Ke6 50. Qh8 Qh1+ 51. Kf2 Qh2+ 52. Ke3 Qg1+ 53. Kd3 Qf1+ 54. Kd2 Qf2+ 55. Kc1 Qe1+ 56. Kb2 Qd2+ 57. Kb3 Qd3+ 58. Qc3 Qb1+ 59. Ka3 Qh1 60. g5 Qxh3 61. Qf6+ Kd7 62. Qf5+ Qxf5 63. exf5 d5 64. Kb3 Kd6 65. g6 1-0

[Event "Gaia Profigaia op 18th"]
[Site "Vila Nova de Gaia"]
[Date "2018.06.30"]
[Round "6"]
[White "Veleirinho, Tomas Carvalho"]
[Black "Sarabando, Rodrigo Andias"]
[Result "0-1"]
[WhiteElo "1094"]
[BlackElo "1390"]
[PlyCount "56"]
[EventDate "2018.06.27"]
[EventType "swiss"]
[EventRounds "7"]
[EventCountry "POR"]
[SourceTitle "CBM 185 Extra"]
[Source "ChessBase"]
[SourceDate "2018.07.29"]
[SourceVersion "1"]
[SourceVersionDate "2018.07.29"]
[SourceQuality "1"]

1. e4 c5 2. Nf3 Nc6 3. d4 cxd4 4. Nxd4 a6 5. Nc3 e6 6. Nb3 Be7 7. Be3 Nf6 8. Be2 0-0 9. 0-0 Ne5 10. f4 Ng6 11. Kh1 b5 12. a3 Bb7 13. Bf3 Qc7 14. g3 Rfd8 15. Qe2 d5 16. exd5 Nxd5 17. Nxd5 Bxd5 18. Bxd5 Rxd5 19. Qg2 Rc8 20. Rf2 Bf6 21. Rb1 h6 22. c3 Ne7 23. Nd4 Bxd4 24. Bxd4 Nf5 25. Be5 Qc6 26. Rbf1 Ne3 27. Qg1 Nxf1 28. Qxf1 Rd1+ 0-1